000 00292 a2200133 4500
000 nam a22 7a 4500
100 _aNavendu Kumar
110 _aNavendu Kumar
245 _aAnimal Physiology
250 _alatest edition
260 _bRBSA
_c2026
264 _bRBSA
_c2026
942 _cBK
999 _c395221
_d395221